Prevención especial y patronato de presos y liberados
Tallennettuna:
| Päätekijä: | |
|---|---|
| Aineistotyyppi: | Kirja |
| Kieli: | espanja |
| Julkaistu: |
Córdoba
Academia Nacional de Derecho y Ciencias Sociales de Córdoba
2001
|
| Aiheet: | |
| Tagit: |
Lisää tagi
Ei tageja, Lisää ensimmäinen tagi!
|
MARC
| LEADER | 00000nam a2200000 a 4500 | ||
|---|---|---|---|
| 001 | UCM8504 | ||
| 003 | CL-VaPUC | ||
| 008 | 030321e20010000AG |||||||||||||||||spa|d | ||
| 082 | 0 | 4 | |a 345.077 |b PIZ |2 21 |
| 100 | 0 | |a Pizarro, Luis Roberto |e author |9 474587 | |
| 245 | 1 | 0 | |a Prevención especial y patronato de presos y liberados |
| 300 | |a 174 p | ||
| 942 | |c BK | ||
| 945 | |d 20030321 00:00:00 |a rbrito | ||
| 260 | |a Córdoba |b Academia Nacional de Derecho y Ciencias Sociales de Córdoba |c 2001 | ||
| 650 | 0 | |a Libertad |9 255686 | |
| 650 | 0 | |a Derecho y libertad |9 384500 | |
| 650 | 0 | |a Libertad condicional |9 371909 | |
| 650 | 0 | |a Jurisprudencia |9 255952 | |
| 650 | 7 | |a PATRONATO DE REOS |2 CL-VaPUC |9 474588 | |
| 650 | 7 | |a DERECHO PENAL |2 CL-VaPUC |9 11 | |
| 583 | |a last modification |c 20030321 00:00:00 |k Rodrigo Vera | ||
| 999 | |c 303003 |d 303001 | ||
| 952 | |0 0 |1 0 |4 0 |6 345_077000000000000_PIZ_2001 |7 0 |8 A |9 363907 |a BIBDER |b BIBDER |d 2019-11-21 |i 3749584 |o 345.077 PIZ 2001 |p 3749584 |r 2023-01-25 |w 2019-11-21 |y BK |k DER | ||
| 952 | |0 0 |1 0 |4 0 |6 345_077000000000000_PIZ_2001 |7 0 |8 A |9 363908 |a BIBDER |b BIBDER |d 2019-11-21 |i 4663519 |o 345.077 PIZ 2001 |p 4663519 |r 2023-01-25 |w 2019-11-21 |y BK |k DER | ||